| 000 | 01503nam a22002417a 4500 | ||
|---|---|---|---|
| 001 | 9710 | ||
| 003 | FISKH | ||
| 005 | 20260130095528.0 | ||
| 008 | 260130b cb ||||| |||| 00| 0 eng d | ||
| 020 | _a9781399633888 | ||
| 040 |
_aFISKH _beng _cFISKH _dFISKH |
||
| 050 | _aPZ7.1 .G368 | ||
| 082 | _a813.6 | ||
| 100 | _aGarber, Stephanie | ||
| 245 |
_aThe ballad of never after / _cStephanie Garber |
||
| 260 |
_aLondon : _bGreat Britian, _c2022 |
||
| 300 |
_a398 pages : _c20 cm |
||
| 490 |
_aOnce Upon a Broken Heart : _vBook Two |
||
| 520 | _aAfter Jacks, the Prince of Hearts, betrays her, Evangeline Fox swears she'll never trust him again. Now that she's discovered her own magic, Evangeline believes she can use it to restore the chance at happily ever after that Jacks stole away. But when a new terrifying curse is revealed, Evangeline finds herself entering into a tenuous partnership with the Prince of Hearts again. Only this time, the rules have changed. Jacks isn't the only force Evangeline needs to be wary of. In fact, he might be the only one she can trust, despite her desire to despise him. Instead of a love spell wreaking havoc on Evangeline's life, a murderous spell has been cast. To break it, Evangeline and Jacks will have to do battle with old friends, new foes, and a magic that plays with heads and hearts. Evangeline has always trusted her heart, but this time she's not sure she can. . . . | ||
| 650 |
_aRomance _vFiction |
||
| 942 |
_2ddc _cBK _n0 |
||
| 999 |
_c9710 _d9710 |
||